000 00743nam a2200133Ia 4500
008 171207s9999 xx 000 0 und d
100 _aVincent, Jonathan
245 _a‘I think autism is like running on Windows while everyone else is a Mac’: using a participatory action research approach with students on the autistic spectrum to rearticulate autism and the lived experience of university
245 _cJonathan Vincent, Megan Potts, Daniel Fletcher, Simon Hodges, Jenny Howells, Alex Mitchell, Brett Mallon & Thomas Ledger
260 _c2017
300 _apages 300-315, 2017
440 _aEducational Action Research
_v25:2
650 _aAutism, participatory action research, higher education, data analysis, critical autobiography
999 _c347454
_d347454